NHL COACHES 2026 - Statistics

General Stats
  • This quiz has been taken 137 times
    22 since last reset
  • The average score is 15 of 32
Answer Stats
TEAM COACH % Correct
COLORADO AVALANCHE JARED BEDNAR
75%
TAMPA BAY LIGHTNING JON COOPER
75%
BUFFALO SABRES LINDY RUFF
75%
MONTREAL CANADIENS MARTIN ST. LOUIS
69%
FLORIDA PANTHERS PAUL MAURICE
69%
ANAHEIM DUCKS JOEL QUENNEVILLE
63%
BOSTON BRUINS MARCO STURM
63%
NEW YORK RANGERS MIKE SULLIVAN
63%
NEW YORK ISLANDERS PATRICK ROY
63%
UTAH HOCKEY CLUB ANDRE TOURIGNY
56%
VEGAS GOLDEN KNIGHTS BRUCE CASSIDY
56%
TORONTO MAPLE LEAFS CRAIG BERUBE
56%
CAROLINA HURRICANES ROD BRIND'AMOUR
56%
NASHVILLE PREDATORS ANDREW BRUNETTE
50%
COLUMBUS BLUE JACKETS RICK BOWNESS
50%
PHILIDELPHIA FLYERS RICK TOCCHET
50%
OTTAWA SENATORS TRAVIS GREEN
50%
ST LOUIS BLUES JIM MONTGOMERY
44%
WASHINGTON CAPITALS SPENCER CARBERY
44%
PITTSBURGH PENGUINS DAN MUSE
38%
NEW JERSEY DEVILS SHELDON KEEFE
38%
MINNESOTA WILD JOHN HYNES
31%
EDMONTON OILERS KRIS KNOBLAUCH
31%
DETROIT RED WINGS TODD MCLELLAN
31%
LOS ANGELES KINGS* DJ SMITH
25%
CALGARY FLAMES RYAN HUSKA
25%
SAN JOSE SHARKS RYAN WARSOFSKY
25%
WINNIPEG JETS SCOTT ARNIEL
25%
VANCOUVER CANUCKS ADAM FOOTE
19%
DALLAS STARS GLEN GULUTZAN
19%
CHICAGO BLACKHAWKS JEFF BLASHILL
19%
SEATTLE KRAKEN LANE LAMBERT
13%
No matching quizzes found
Score Distribution
Percent of People with Each Score
Percentile by Number Answered
Your Score History
You have not taken this quiz since the last reset